000 00693nam a2200241Ia 4500
001 dia_2905
003 CHAP
005 20230519113936.0
008 220117s1990 xx 000 0 und d
010 _a173404
040 _cCHAP
082 _a664.85 I5Y
110 _aInstituto internacional del frio
_9133570
245 _aAlimentos congelados; procesado y distribución /
_c por instituto internacional del frio
260 _aZaragoza (espaƱa)
_c1990
300 _a184 p.
500 _aC/e
610 _aalimentos congelados i. t.
_9153722
901 _a664.85 I5Y
902 _aM
905 _a0000001990 ZAR 0000000000ESP00
942 _cLIBRO
_2ddc
999 _c173404
_d173404